Annals and memoirs of the court of Peking (Record no. 1030435)

MARC details
000 -LEADER
fixed length control field 00655nam a2200241Ia 4500
003 - CONTROL NUMBER IDENTIFIER
control field OSt
005 - DATE AND TIME OF LATEST TRANSACTION
control field 20221005114148.0
008 - FIXED-LENGTH DATA ELEMENTS--GENERAL INFORMATION
fixed length control field 221004b |||||||| |||| 00| 0 eng d
037 ## - SOURCE OF ACQUISITION
Terms of availability Textual
040 ## - CATALOGING SOURCE
Original cataloging agency CRL
Transcribing agency CRL
Language of cataloging eng
041 ## - LANGUAGE CODE
Source of code eng
Language code of text/sound track or separate title eng
100 ## - MAIN ENTRY--PERSONAL NAME
Personal name Backhouse E
9 (RLIN) 625556
245 #0 - TITLE STATEMENT
Title Annals and memoirs of the court of Peking
Remainder of title From the 16th to the 20th century
260 ## - PUBLICATION, DISTRIBUTION, ETC.
Date of publication, distribution, etc. 1914
650 ## - SUBJECT ADDED ENTRY--TOPICAL TERM
Topical term or geographic name entry element HISTORY
700 ## - ADDED ENTRY--PERSONAL NAME
Personal name Bland J O P
9 (RLIN) 625557
942 ## - ADDED ENTRY ELEMENTS (KOHA)
Classification part V41:1M9, E4
Koha item type Textual
Source of classification or shelving scheme
Holdings
Withdrawn status Lost status Damaged status Not for loan Home library Current library Date acquired Total Checkouts Full call number Barcode Date last seen Price effective from Koha item type
        Central Library Central Library 2022-10-05   V41:1M9 E4 CL0136829 2022-10-05 2022-10-05 Textual
Copyright @ Delhi University Library System